000 01624nam a2200337 i 4500
001 187356
003 SpMaBN
005 20260304122037.0
008 170614s1927 sp p |||| |dspa d
080 _a341.7/.8(460:44)"18"
080 _a341.76
080 _a929 Gondomar, Diego Sarmiento de Acuña, Conde de
080 _a929 Valera, Juan
100 1 _aVilla-Urrutia, Wenceslao Ramírez de Villa-Urrutia,
_cMarqués de,
_d1850-1933
_9114894
245 1 4 _aLos embajadores de España en París de 1883 a 1889
_b; Don Juan Valera, diplomático y hombre de mundo ; La embajada del conde de Gondomar ; El estilo diplomático ; Un discurso /
_cMarqués de Villa-Urrutia.
246 3 _aDon Juan Valera, diplomático y hombre de mundo
260 _aMadrid :
_bFrancisco Beltrán, Librería Española y Extranjera,
_c[1927] (
_fTip. Artística)
300 _a176 p. ;
_c22 cm.
530 _aDisponible en formato digital.
600 1 4 _aValera, Juan,
_d1824-1905
_9112638
600 1 7 _aGondomar, Diego Sarmiento de Acuña,
_cConde de,
_d1567-1626
_9127381
650 4 _aDiplomacia-
_xLenguaje.
_9163054
651 4 _aEspaña-
_xServicio diplomático y consular-
_zFrancia.
_9163053
651 4 _aEspaña-
_xServicio diplomático y consular-
_yS.XIX.
_9137481
740 3 2 _aLa embajada del conde de Gondomar.
740 3 2 _aEl estilo diplomático.
852 _aES-MaACL
_jL-31710
_cDEPO2
_h Donante: herederos de la biblioteca de Mª del Pilar Costa Palacín
856 4 _uhttp://bdh-rd.bne.es/viewer.vm?id=0000246355&page=1
_yBiblioteca Digital Hispánica
942 _2udc
999 _c187356
_d187356